Statistics for 19 World Capitals 1,500 km away from a Larger City

Click here to take the quiz!

General Stats

  • This quiz has been taken 40 times
  • The average score is 13 of 19

Answers on the Map

Answers color-coded by a green-red scale on the quiz's map according to % correct below.
Loading ...
 

Answer Stats

City% Correct
Delhi
83%
Mexico City
83%
Moscow
81%
Tokyo
78%
Lima
78%
London
78%
Jakarta
75%
Cairo
72%
Bangkok
72%
Bogotá
69%
Buenos Aires
69%
Kinshasa
69%
Tehran
67%
Johannesburg
58%
Dakar
56%
Antananarivo
53%
Khartoum
53%
Port Moresby
39%
Tarawa
28%

Score Distribution

Percentile by Number Answered

Percent of People with Each Score

Your Score History

You have not taken this quiz